00799cam a2200241 a 4500001000400000003001000004005001700014008004100031020001800072040002500090080001600115090001700131100003000148245010100178260003800279300002000317504002500337650002200362650002700384942001200411952012100423999001300544275BR-CuiBMT20231025212115.0230919s2017 mgb 000 0 por d a9788545002727 aBR-CuiBMTcBR-CuiBMT 22007a349.6 a349.6bM152a10aMacieywski, Fabiano Neves10aAdvogar no direito ambiental /cFabiano Neves Macieywski ; prefácio de Rodrigo Sánchez Rios. aBelo Horizonte :bFórum,c2017. a204 p. ;c22 cm aInclui bibliografia. aDireito ambiental aDireito constitucional 2udccLV 00102udc4070aBIBTCEMTbBIBTCEMTd2023-07-28l0o349.6 M152apBIBTCEMT23090057r2023-09-19tEx. 1w2023-09-19yLV c275d275